| LEADER |
00989nam0a2200241 450 |
| 001 |
16844051 |
| 010 |
|
|
|a 978-2-38496-006-4
|b br.
|d 7,2
|
| 100 |
|
|
|a 20231207d2023 u u0frey01 ba
|
| 101 |
0 |
|
|a fre
|
| 102 |
|
|
|a FR
|
| 200 |
0 |
|
|a Horimiya
|
| 207 |
|
1 |
|a
|
| 210 |
|
|
|a Vanves
|c nobi nobi !
|d 2023
|
| 215 |
|
|
|a 1 vol. (192 p.)
|d 18 cm
|
| 225 |
1 |
|
|a Genki
|
| 330 |
|
|
|a L'insupportable mais adorable Iura se transforme en grand frère sévère mais gentil dès qu'il rentre chez lui ! Or, depuis l'arrivée de Kitahara, ses relations avec Motoko ne sont pas au beau fixe... Retrouvez la bande dans un nouveau tome bourré de rires jusqu'au chapitre 100 !
|
| 461 |
|
0 |
|t Horimiya
|v 13
|
| 700 |
|
0 |
|a Hagiwara
|b Daisuke
|c Illustrateur
|4 70
|
| 702 |
|
0 |
|a Ruel
|b Gaëlle
|c Traducteur
|4 70
|
| 702 |
|
0 |
|a Hero
|c mangaka
|f 19..-....
|4 70
|
| 900 |
|
|
|a Bande Dessinée enfant ado
|
| 901 |
|
|
|a Accessible au prêt
|
| 995 |
|
|
|a Bibliothèque
|c Bibliothèque
|f 024024229
|h 024024229
|k BDJ HAG
|o p
|q j
|r az
|e Bibliothèque
|